Biofyzikální chemie
Salvato in:
| Autore principale: | |
|---|---|
| Natura: | Libro |
| Lingua: | lingua imprecisata |
| Pubblicazione: |
Praha
SNTL
1980
|
| Accesso online: | Visualizza in OPAC |
| Tags: |
Nessun Tag, puoi essere il primo ad aggiungerne!!
|
MARC
| LEADER | 00000nam a2200000 a 4500 | ||
|---|---|---|---|
| 005 | 20260127134313.0 | ||
| 008 | 970509s1980 xx 0 und c | ||
| 035 | |a vtls001286123 | ||
| 035 | |a SNK000237664 | ||
| 039 | 9 | |a 200907060800 |b masnk01 |c 200903310749 |d mschk03 |y 200412271521 |z VLOAD | |
| 040 | |a SNK |b slo |c SNK |d STUSCHK1 |e AACR2 | ||
| 080 | |a 577.1+54:577.3 | ||
| 100 | 1 | |a Kalous, Vítěz, |d 1926- |9 1033 | |
| 245 | 1 | |a Biofyzikální chemie | |
| 260 | |a Praha |b SNTL |c 1980 | ||
| 300 | |a 349 s. |b il. |c 25 cm | ||
| 910 | |a SCHK95 | ||
| 999 | |c 9305 |d 9305 | ||